[Event "Brasschaat op 18th"]
[Site "Brasschaat"]
[Date "2018.08.19"]
[Round "2"]
[White "Oudewaal, Vincent"]
[Black "De Schouwer, Jonas"]
[Result "1-0"]
[WhiteElo "2070"]
[BlackElo "1790"]
[PlyCount "45"]
[EventDate "2018.08.18"]
[EventType "swiss"]
[EventRounds "9"]
[EventCountry "BEL"]
[SourceTitle "CBM 186 Extra"]
[Source "ChessBase"]
[SourceDate "2018.08.24"]
[SourceVersion "1"]
[SourceVersionDate "2018.08.24"]
[SourceQuality "1"]

1. c4 e5 2. g3 Nf6 3. Bg2 d5 4. cxd5 Nxd5 5. Nc3 Nb6 6. Nf3 Nc6 7. 0-0 Be7 8. a3 0-0 9. b4 a6 10. d3 Be6 11. Bb2 Qd7 12. Ne4 f6 13. Nc5 Bxc5 14. bxc5 Nd5 15. e4 Nde7 16. d4 Bc4 17. dxe5 Qe6 18. exf6 Bxf1 19. fxe7 Qxe7 20. Qd5+ Kh8 21. Rxf1 Rad8 22. Qh5 Qxe4 23. Ng5 1-0

[Event "Brasschaat op 17th"]
[Site "Brasschaat"]
[Date "2017.08.21"]
[Round "3"]
[White "Pirard, Natan"]
[Black "De Schouwer, Jonas"]
[Result "1-0"]
[WhiteElo "2049"]
[BlackElo "1747"]
[PlyCount "73"]
[EventDate "2017.08.19"]
[EventType "swiss"]
[EventRounds "9"]
[EventCountry "BEL"]
[SourceTitle "CBM 180 Extra"]
[Source "ChessBase"]
[SourceDate "2017.10.06"]
[SourceVersion "1"]
[SourceVersionDate "2017.10.06"]
[SourceQuality "1"]

1. e4 e5 2. Nf3 Nc6 3. Bb5 a6 4. Ba4 Nf6 5. 0-0 Be7 6. d3 b5 7. Bb3 0-0 8. a4 b4 9. Nbd2 d6 10. a5 Bg4 11. h3 Bh5 12. c3 Rb8 13. Bc4 bxc3 14. bxc3 d5 15. Bxa6 dxe4 16. dxe4 Ra8 17. Qe2 Bxf3 18. Nxf3 Nxe4 19. Bb7 Nxc3 20. Qe1 Rxa5 21. Qxc3 Rxa1 22. Qxa1 Nd4 23. Bb2 c5 24. Qa2 Qd7 25. Bd5 Bf6 26. Qc4 Rd8 27. Be4 Qc7 28. Rc1 Qd6 29. Ba3 Qb6 30. Bxc5 Qb2 31. Nxd4 exd4 32. Qc2 Qb5 33. Bxh7+ Kh8 34. Bd3 Qa5 35. Qe2 Rc8 36. Qh5+ Kg8 37. Qh7# 1-0

[Event "BEL-ch U14"]
[Site "Blankenberge"]
[Date "2017.04.14"]
[Round "8"]
[White "Michielsen, Kobus"]
[Black "De Schouwer, Jonas"]
[Result "1/2-1/2"]
[WhiteElo "1777"]
[BlackElo "1725"]
[PlyCount "85"]
[EventDate "2017.04.09"]
[EventType "swiss"]
[EventRounds "9"]
[EventCountry "BEL"]
[SourceTitle "CBM 178 Extra"]
[Source "ChessBase"]
[SourceDate "2017.06.22"]
[SourceVersion "1"]
[SourceVersionDate "2017.06.22"]
[SourceQuality "1"]

1. e4 e5 2. Nf3 Nc6 3. Bb5 a6 4. Ba4 Nf6 5. Bxc6 dxc6 6. d3 Bc5 7. Nbd2 Be6 8. 0-0 Qd6 9. Nb3 Ba7 10. h3 0-0-0 11. Ng5 h6 12. Nxe6 Qxe6 13. Bd2 g5 14. Qf3 Rhg8 15. Qf5 Qxf5 16. exf5 g4 17. h4 g3 18. Be3 Bxe3 19. fxe3 Nd5 20. e4 Ne3 21. Rf3 Nxc2 22. Rd1 b6 23. Rd2 Nd4 24. Nxd4 Rxd4 25. Re2 Kd7 26. Ree3 Rg4 27. Rxg3 Rxh4 28. Kf2 Ke7 29. Rh3 Rxh3 30. Rxh3 a5 31. Ke2 Rb4 32. b3 a4 33. Rxh6 axb3 34. axb3 Rxb3 35. Rxc6 Rb2+ 36. Kf3 Kd7 37. Rf6 Ke7 38. Rc6 Kd7 39. Rf6 Ke7 40. Rc6 b5 41. Rxc7+ Kf6 42. Rc6+ Kg7 43. g4 1/2-1/2

[Event "BEL-ch U14"]
[Site "Blankenberge"]
[Date "2017.04.12"]
[Round "6"]
[White "De Schouwer, Jonas"]
[Black "Huynh, Laurent"]
[Result "0-1"]
[WhiteElo "1725"]
[BlackElo "2058"]
[PlyCount "69"]
[EventDate "2017.04.09"]
[EventType "swiss"]
[EventRounds "9"]
[EventCountry "BEL"]
[SourceTitle "CBM 178 Extra"]
[Source "ChessBase"]
[SourceDate "2017.06.22"]
[SourceVersion "1"]
[SourceVersionDate "2017.06.22"]
[SourceQuality "1"]

1. e4 c5 2. Nf3 d6 3. c3 Nf6 4. Be2 Nc6 5. d4 cxd4 6. cxd4 Nxe4 7. d5 Qa5+ 8. Nc3 Nxc3 9. bxc3 Ne5 10. 0-0 Nxf3+ 11. Bxf3 Bd7 12. Qb3 b6 13. Bb2 Rc8 14. a4 f6 15. Be2 Qc5 16. Rac1 Kf7 17. Ba6 Rd8 18. c4 e5 19. dxe6+ Bxe6 20. Bb7 Be7 21. Rfe1 Rhe8 22. Bd5 Bf8 23. Bxe6+ Rxe6 24. Rxe6 Kxe6 25. Qh3+ Kf7 26. Qxh7 d5 27. Qh5+ g6 28. Qf3 d4 29. h3 Bd6 30. Qe4 Be5 31. Qd3 Re8 32. Rd1 Rd8 33. Qe4 Rd7 34. Qd3 Qb4 35. Qa3 0-1

[Event "BEL-ch U14"]
[Site "Blankenberge"]
[Date "2017.04.11"]
[Round "4"]
[White "De Schouwer, Jonas"]
[Black "Faybish, Benjamin"]
[Result "1-0"]
[WhiteElo "1725"]
[BlackElo "1595"]
[PlyCount "165"]
[EventDate "2017.04.09"]
[EventType "swiss"]
[EventRounds "9"]
[EventCountry "BEL"]
[SourceTitle "CBM 178 Extra"]
[Source "ChessBase"]
[SourceDate "2017.06.22"]
[SourceVersion "1"]
[SourceVersionDate "2017.06.22"]
[SourceQuality "1"]

1. e4 b6 2. d4 Bb7 3. Nc3 e6 4. Nf3 Bb4 5. Bd3 Nf6 6. e5 Ne4 7. Bxe4 Bxe4 8. 0-0 Bb7 9. a3 Be7 10. d5 0-0 11. d6 cxd6 12. exd6 Bf6 13. Nb5 Na6 14. Re1 Bc6 15. Nbd4 Nc5 16. c3 Qb8 17. Bf4 Qb7 18. Qc2 Be4 19. Qe2 Bg6 20. Rad1 Bxd4 21. cxd4 Ne4 22. Ne5 Nf6 23. Rc1 Nd5 24. Nxg6 hxg6 25. Bg3 Rac8 26. b3 Rc6 27. Rc4 Rfc8 28. Rec1 Kf8 29. R1c2 a5 30. f3 a4 31. bxa4 Rxc4 32. Rxc4 Rxc4 33. Qxc4 f6 34. h3 Kf7 35. Kh2 g5 36. Qb5 Nc3 37. Qb4 Qc6 38. a5 Nd5 39. Qd2 bxa5 40. Qxa5 Ne3 41. Qe1 Nf5 42. Qb4 Ne3 43. Qe1 Nc2 44. Qa5 Nxd4 45. Qc7 Nb5 46. Qxc6 dxc6 47. a4 Nc3 48. a5 Ke8 49. a6 Nb5 50. Bf2 Kd7 51. a7 Nxa7 52. Bxa7 Kxd6 53. Kg1 Ke5 54. Kf2 Kd5 55. Ke3 c5 56. Kd3 g6 57. Bb6 f5 58. g4 fxg4 59. hxg4 Ke5 60. Bxc5 Kf4 61. Ke2 Ke5 62. Ke3 Kd5 63. Be7 Ke5 64. Bxg5 Kd5 65. Bf6 e5 66. Bh8 Ke6 67. Ke4 Kf7 68. Bxe5 Ke6 69. Kf4 Kf7 70. Kg5 Kf8 71. Kxg6 Kg8 72. f4 Kf8 73. f5 Ke8 74. f6 Kf8 75. Bd6+ Ke8 76. f7+ Kd7 77. f8Q Ke6 78. Qf6+ Kd7 79. Bg3 Ke8 80. Qf7+ Kd8 81. Qc7+ Ke8 82. Kf6 Kf8 83. Qd8# 1-0

[Event "Brasschaat op 16th"]
[Site "Brasschaat"]
[Date "2016.08.28"]
[Round "9"]
[White "Osinga, Angelique"]
[Black "De Schouwer, Jonas"]
[Result "1/2-1/2"]
[WhiteElo "1922"]
[BlackElo "1678"]
[PlyCount "35"]
[EventDate "2016.08.20"]
[EventType "swiss"]
[EventRounds "9"]
[EventCountry "BEL"]
[SourceTitle "CBM 174 Extra"]
[Source "ChessBase"]
[SourceDate "2016.10.10"]
[SourceVersion "1"]
[SourceVersionDate "2016.10.10"]
[SourceQuality "1"]

1. e4 e5 2. Nf3 Nc6 3. Bc4 Nf6 4. d3 Be7 5. c3 d6 6. Bb3 0-0 7. Nbd2 Na5 8. Bc2 c5 9. Nf1 Nc6 10. Ng3 Qc7 11. 0-0 d5 12. Qe2 d4 13. Bg5 Be6 14. Nh4 g6 15. h3 Ne8 16. Qd2 Ng7 17. f4 Bxg5 18. fxg5 1/2-1/2

[Event "BEL-ch U12"]
[Site "Blankenberge"]
[Date "2014.04.17"]
[Round "7"]
[White "De Schouwer, Jonas"]
[Black "Van Malder, Dries"]
[Result "0-1"]
[WhiteElo "1294"]
[BlackElo "1397"]
[PlyCount "66"]
[EventDate "2014.04.13"]
[EventType "swiss"]
[EventRounds "9"]
[EventCountry "BEL"]
[SourceTitle "EXT 2022"]
[Source "ChessBase"]
[SourceDate "2021.10.06"]
[SourceVersion "1"]
[SourceVersionDate "2021.10.06"]
[SourceQuality "1"]

1. e4 e5 2. Nf3 Nc6 3. d4 exd4 4. Nxd4 Nf6 5. Nc3 Bb4 6. Nxc6 bxc6 7. e5 Nd5 8. Qf3 Qe7 9. Bf4 f6 10. Bd2 Qxe5+ 11. Be2 Bxc3 12. Bxc3 Nxc3 13. bxc3 Ba6 14. Rd1 Qxe2+ 15. Qxe2+ Bxe2 16. Kxe2 Rb8 17. a4 d6 18. Rhe1 Kd7 19. Rb1 Rhe8+ 20. Kd2 Rxe1 21. Rxb8 Re8 22. Rb7 Ra8 23. c4 Kc8 24. Rb3 Rb8 25. Rg3 g6 26. Kc3 Kd7 27. Rh3 h5 28. Rf3 Ke7 29. h4 a5 30. Kd4 Rb4 31. Ra3 c5+ 32. Kd5 Kd7 33. Rf3 f5 0-1